000
00335nam a22001457a 4500
999
_c
10924
_d
10924
003
OSt
008
210814b ||||| |||| 00| 0 eng d
082
_a
823.92
_b
SAV
100
G
_a
SANGHI, Ashwin
245
_a
Vault of Vishnu
260
_a
Chennai
_b
Westland Limited
_c
2020
300
_a
327
650
_a
Religious
942
_2
ddc
_c
BK